|
|
|
|
| LEADER |
00932nam a22001817a 4500 |
| 020 |
|
|
|a 9780070680203
|
| 082 |
|
|
|a 658.15
|b CHA/F
|
| 100 |
|
|
|a Prasanna Chandra
|9 178805
|
| 245 |
|
|
|a Finance Sense:Finance for non-finance executives
|
| 250 |
|
|
|a Ed.4
|
| 260 |
|
|
|a Delhi
|b Tata McGraw-Hill Publishing Company LTD.
|c 2014
|
| 300 |
|
|
|a 495p.
|
| 490 |
|
|
|a CFM-MHE Professional series in Finance
|
| 650 |
|
|
|a Managerial accounting
|a Finance--Management
|9 178806
|
| 856 |
|
|
|u https://books.google.co.in/books?id=rBBFwVMg3tcC&pg=PR2&dq=Finance+Sense:Finance+for+non-finance+executives+Prasanna+Chandra&hl=en&sa=X&ved=0ahUKEwj-nrm2rMbRAhXHO48KHdeqBIkQ6AEIIjAA#v=onepage&q=Finance%20Sense%3AFinance%20for%20non-finance%20executives%20Prasanna%20Chandra&f=false
|
| 942 |
|
|
|c BBK
|
| 999 |
|
|
|c 191741
|d 191737
|
| 952 |
|
|
|0 0
|1 0
|4 0
|6 658_150000000000000_CHA_F
|7 0
|8 FM
|9 192497
|a SMBS
|b SMBS
|d 2017-01-16
|g 575.00
|l 0
|o 658.15 CHA/F
|p SMBSS1603
|r 2017-01-16
|w 2017-01-16
|y BBK
|